Normal view
MARC view
- Shawe-Taylor, John
Entry Personal Name
001 - CONTROL NUMBER
- control field: 95872
003 - CONTROL NUMBER IDENTIFIER
- control field: NUST
005 - DATE AND TIME OF LATEST TRANSACTION
- control field: 20220730093743.0
008 - FIXED-LENGTH DATA ELEMENTS
- fixed length control field: 220730|| aca||aabn | a|a d
040 ## - CATALOGING SOURCE
- Original cataloging agency: NUST
- Transcribing agency: NUST
100 ## - HEADING--PERSONAL NAME
- Personal name: Shawe-Taylor, John
670 ## - SOURCE DATA FOUND
- Source citation: Work cat.: (NUST)175375: Cristianini, Nello. 95869, An introduction to support vector machines :, 2000.
